| 000 | 00533nam a22002297a 4500 | ||
|---|---|---|---|
| 003 | UA-OsUOA | ||
| 001 | 42426 | ||
| 007 | ta | ||
| 008 | 20061106b un ||||| |||| 00| 0 ukr d | ||
| 090 | _a821.162.1 | ||
| 942 | _cBK | ||
| 040 |
_aUA-OsUOA _bpol _cUA-OsUOA _dUA-OsUOA |
||
| 245 | _aSandomierz | ||
| 300 | _a48 s. | ||
| 955 | _a2 | ||
| 041 | _apol | ||
| 080 | _a821.162.1 | ||
| 020 | _a83-7300-338-X | ||
| 260 |
_aSandomierz _c2003 |
||
| 650 | 7 |
_a82 Література. Літературознавство _2UDC |
|
| 999 |
_c328562 _d328562 |
||